[Event "2BLO 2122 FC Bayern München II - SK Pa"]
[Site "?"]
[Date "2022.06.18"]
[Round "7.1"]
[White "Diermair, Andreas"]
[Black "Bezold, Michael"]
[Result "1/2-1/2"]
[WhiteElo "2451"]
[BlackElo "2481"]
[PlyCount "69"]
[EventDate "2022.??.??"]

1. d4 Nf6 2. c4 c5 3. d5 e5 4. Nc3 d6 5. e4 Be7 6. g3 O-O 7. Bg2 Ne8 8. Nge2 g6
9. Bh6 Ng7 10. Qd2 Nd7 11. O-O Nf6 12. h3 Kh8 13. Be3 Nd7 14. Bh6 Nf6 15. Rae1
Ng8 16. Be3 f5 17. f4 Bf6 18. fxe5 Bxe5 19. Bg5 Qb6 20. Bf4 Bd7 21. Bxe5 dxe5
22. Nc1 Qd6 23. Nd3 Rae8 24. exf5 Bxf5 25. Nb5 Qb8 26. Nxc5 a6 27. Nc3 Qc8 28.
Qe3 Bxh3 29. Rxf8 Rxf8 30. Nd3 Bxg2 31. Kxg2 Qxc4 32. Nxe5 Qb4 33. Qd2 Nf5 34.
Re4 Qd6 35. Qd4 1/2-1/2

[Event "2BLO 2122 FC Bayern München II - SK Pa"]
[Site "?"]
[Date "2022.06.18"]
[Round "7.2"]
[White "Belezky, Alexander"]
[Black "Schmidt, Peter"]
[Result "1/2-1/2"]
[WhiteElo "2346"]
[BlackElo "2400"]
[PlyCount "28"]
[EventDate "2022.??.??"]

1. Nf3 d5 2. g3 Nd7 3. c4 dxc4 4. Qa4 a6 5. Qxc4 b5 6. Qc6 Rb8 7. Bg2 Bb7 8.
Qc3 Ngf6 9. O-O c5 10. d3 e6 11. a4 Bd6 12. Bd2 O-O 13. Qc1 Rc8 14. axb5 axb5
1/2-1/2

[Event "2BLO 2122 FC Bayern München II - SK Pa"]
[Site "?"]
[Date "2022.06.18"]
[Round "7.3"]
[White "Schwabeneder, Florian"]
[Black "Hoeglauer, Patrick"]
[Result "1/2-1/2"]
[WhiteElo "2435"]
[BlackElo "2262"]
[PlyCount "57"]
[EventDate "2022.??.??"]

1. e4 c5 2. Nc3 Nc6 3. g3 g6 4. Bg2 Bg7 5. d3 d6 6. Nge2 e6 7. O-O Nge7 8. Bg5
O-O 9. Qd2 Nd4 10. Rab1 f6 11. Be3 Nec6 12. a3 a5 13. f4 f5 14. Bf2 a4 15. Nxd4
Nxd4 16. Ne2 Qa5 17. c3 Nb3 18. Qc2 Qc7 19. Rbd1 e5 20. Be3 Be6 21. exf5 Bxf5
22. Be4 Rad8 23. Bxf5 gxf5 24. Nc1 Nxc1 25. Bxc1 Qc6 26. Rde1 Rde8 27. fxe5
dxe5 28. Qg2 Qd7 29. Rf3 1/2-1/2

[Event "2BLO 2122 FC Bayern München II - SK Pa"]
[Site "?"]
[Date "2022.06.18"]
[Round "7.4"]
[White "Schenk, Andreas"]
[Black "Weiss, Christian"]
[Result "1/2-1/2"]
[WhiteElo "2419"]
[BlackElo "2378"]
[PlyCount "47"]
[EventDate "2022.??.??"]

1. d4 Nf6 2. c4 e6 3. Nf3 c5 4. d5 exd5 5. cxd5 d6 6. Nc3 g6 7. h3 Bg7 8. e4
O-O 9. Bd3 b5 10. Bxb5 Nxe4 11. Nxe4 Qa5+ 12. Nfd2 Qxb5 13. Nxd6 Qa6 14. N2c4
Nd7 15. O-O Nb6 16. Nxb6 axb6 17. a4 Bd7 18. Ra3 Be5 19. Ne4 Rfe8 20. Bg5 Kg7
21. Qc1 Qe2 22. Bh6+ Kg8 23. Nc3 Qc4 24. Rd1 1/2-1/2

[Event "2BLO 2122 FC Bayern München II - SK Pa"]
[Site "?"]
[Date "2022.06.18"]
[Round "7.5"]
[White "Testor, Sebastian"]
[Black "Webersberger, Johann"]
[Result "1/2-1/2"]
[WhiteElo "2324"]
[BlackElo "2356"]
[PlyCount "26"]
[EventDate "2022.??.??"]

1. d4 Nf6 2. c4 g6 3. Nc3 Bg7 4. e4 O-O 5. Nf3 d6 6. h3 c6 7. Be3 a6 8. Be2 b5
9. a3 bxc4 10. Bxc4 d5 11. Bd3 dxe4 12. Nxe4 Be6 13. O-O Nbd7 1/2-1/2

[Event "2BLO 2122 FC Bayern München II - SK Pa"]
[Site "?"]
[Date "2022.06.18"]
[Round "7.6"]
[White "Lentrodt, Thomas"]
[Black "Pflug, Matthias"]
[Result "1/2-1/2"]
[WhiteElo "2240"]
[BlackElo "2251"]
[PlyCount "77"]
[EventDate "2022.??.??"]

1. d4 Nf6 2. Nf3 g6 3. c4 Bg7 4. Nc3 O-O 5. e4 d6 6. Be2 e5 7. O-O Nc6 8. d5
Ne7 9. Ne1 Nd7 10. Nd3 f5 11. f3 f4 12. g4 Kf7 13. Bd2 Ng8 14. Be1 h5 15. h3
Bf6 16. Kg2 Bh4 17. Rh1 Nh6 18. Bxh4 Qxh4 19. Qe1 Qe7 20. Qf2 Nc5 21. Nxc5 dxc5
22. Rag1 Kg7 23. Kf1 hxg4 24. hxg4 Bd7 25. Bd1 Nf7 26. Ba4 Bxa4 27. Nxa4 b6 28.
b3 Rh8 29. Nb2 Ng5 30. Kg2 Rxh1 31. Rxh1 Nf7 32. Kf1 a5 33. Ke2 Re8 34. Kd2 Qd8
35. Qh4 Qxh4 36. Rxh4 Rh8 37. Rxh8 Kxh8 38. Nd3 Kg7 39. Ke2 1/2-1/2

[Event "2BLO 2122 FC Bayern München II - SK Pa"]
[Site "?"]
[Date "2022.06.18"]
[Round "7.7"]
[White "Hellmayr, Alois"]
[Black "Mai, Philipp"]
[Result "0-1"]
[WhiteElo "2219"]
[BlackElo "2303"]
[PlyCount "94"]
[EventDate "2022.??.??"]

1. Nf3 d6 2. d4 Nf6 3. Nbd2 g6 4. e4 Bg7 5. Bb5+ c6 6. Be2 O-O 7. O-O Nbd7 8.
a4 Qc7 9. a5 Re8 10. c3 e5 11. Qc2 d5 12. dxe5 Nxe5 13. Nxe5 Qxe5 14. f4 Qe7
15. e5 Qc5+ 16. Kh1 Ng4 17. Bxg4 Bxg4 18. Nf3 f6 19. Qf2 Qxf2 20. Rxf2 Bxf3 21.
Rxf3 fxe5 22. fxe5 Rxe5 23. Be3 a6 24. Kg1 Re4 25. Rd1 Rf8 26. Kf2 Ra4 27. Bb6
Ra2 28. Rxf8+ Kxf8 29. Bc5+ Kf7 30. Ba3 Bxc3 31. Rb1 Bf6 32. Kg3 Ke6 33. Re1+
Kd7 34. Re2 Ra1 35. Rf2 Ke6 36. Re2+ Kf7 37. Re3 h5 38. Rb3 Be5+ 39. Kh4 Rh1
40. Rxb7+ Kf6 41. h3 Rg1 42. Be7+ Kf5 43. Bd8 Rxg2 44. Rf7+ Ke4 45. Re7 Kf5 46.
Rf7+ Ke6 47. Rf3 Bd4 0-1

[Event "2BLO 2122 FC Bayern München II - SK Pa"]
[Site "?"]
[Date "2022.06.18"]
[Round "7.8"]
[White "Zesch, Ludwig"]
[Black "Linhart, Wolfgang"]
[Result "1/2-1/2"]
[WhiteElo "2302"]
[BlackElo "2129"]
[PlyCount "39"]
[EventDate "2022.??.??"]

1. e4 c5 2. Nf3 e6 3. d4 cxd4 4. Nxd4 a6 5. Bd3 d5 6. exd5 Qxd5 7. O-O Nc6 8.
Be3 Nxd4 9. Bxd4 Bd7 10. Be2 Bc6 11. Bf3 Qd6 12. Bxc6+ Qxc6 13. Nd2 Nf6 14. Nf3
Be7 15. Ne5 Qc7 16. Qf3 Rd8 17. Qe3 Nd5 18. Qf3 Nf6 19. c3 Bc5 20. Bxc5 1/2-1/2

[Event "2BLO 2122 Erfurter SK - Nickelhütte Au"]
[Site "?"]
[Date "2022.06.18"]
[Round "7.6"]
[White "Weishaeutel, Moritz"]
[Black "Spiess, Gunter"]
[Result "1-0"]
[WhiteElo "2407"]
[BlackElo "2384"]
[PlyCount "29"]
[EventDate "2022.??.??"]

1. d4 d5 2. c4 e6 3. Nc3 a6 4. cxd5 exd5 5. Bf4 Nf6 6. e3 Bd6 7. Bg5 c6 8. Bd3
Nbd7 9. Qc2 Be7 10. Nge2 Nh5 11. Bxe7 Qxe7 12. O-O-O Nhf6 13. Ng3 Nb6 14. Kb1
Be6 15. f3 1-0

[Event "2BLO 2122 SC Bavaria Regensburg 1881 -"]
[Site "?"]
[Date "2022.06.19"]
[Round "8.1"]
[White "Belezky, Alexander"]
[Black "Kaczur, Florian"]
[Result "1/2-1/2"]
[WhiteElo "2346"]
[BlackElo "2484"]
[PlyCount "172"]
[EventDate "2022.??.??"]

1. e4 e5 2. Nf3 Nc6 3. Nc3 Nf6 4. d4 exd4 5. Nxd4 Bb4 6. Nxc6 bxc6 7. Bd3 d5 8.
exd5 O-O 9. O-O cxd5 10. h3 Rb8 11. Be3 a5 12. Bd4 c6 13. Qf3 Bd6 14. Rfe1 Be6
15. b3 Rb4 16. Be5 Bxe5 17. Rxe5 Nd7 18. Ree1 Qg5 19. Na4 c5 20. c3 Rbb8 21.
Qe3 Qxe3 22. Rxe3 Rfc8 23. Rc1 c4 24. bxc4 dxc4 25. Bc2 g6 26. Rd1 Nc5 27. Re5
Nxa4 28. Bxa4 Rd8 29. Rd4 Rxd4 30. cxd4 Rd8 31. Rxa5 Rxd4 32. Rc5 Rd2 33. a3
Ra2 34. Bc6 Ra1+ 35. Kh2 Rxa3 36. Bd5 Bxd5 37. Rxd5 Kf8 38. Rc5 c3 39. Kg3 Ke7
40. Kf4 Kd6 41. Rc8 Ra2 42. Rxc3 Rxf2+ 43. Kg3 Rf5 44. Ra3 Ke7 45. Ra6 Kf8 46.
Ra8+ Kg7 47. Ra6 Rc5 48. Ra3 Rc4 49. Rf3 g5 50. Ra3 Kg6 51. Ra6+ f6 52. Ra3 h5
53. Rb3 Rf4 54. Ra3 h4+ 55. Kh2 Rf1 56. Ra6 Re1 57. Rb6 Kf5 58. Ra6 Ke5 59. Rb6
f5 60. Rg6 Kf4 61. Rg8 Rc1 62. Rg7 Rb1 63. Rg8 Ra1 64. Rg7 Ra3 65. Rg8 Rb3 66.
Rg7 Rg3 67. Re7 Re3 68. Rg7 Re8 69. Rg6 Re1 70. Rg8 Rd1 71. Rg7 g4 72. hxg4
fxg4 73. Rf7+ Kg5 74. Rg7+ Kf5 75. Rf7+ Kg6 76. Rf8 Rd2 77. Rg8+ Kf5 78. Rf8+
Kg5 79. Rg8+ Kf4 80. Rf8+ Ke3 81. Rg8 Rd4 82. Rh8 Kf2 83. Rf8+ Ke2 84. Re8+ Kf2
85. Rf8+ Ke3 86. Rh8 Kf2 1/2-1/2

[Event "2BLO 2122 SC Bavaria Regensburg 1881 -"]
[Site "?"]
[Date "2022.06.19"]
[Round "8.2"]
[White "Schneider, Jana"]
[Black "Grafl, Florian"]
[Result "1/2-1/2"]
[WhiteElo "2338"]
[BlackElo "2346"]
[PlyCount "95"]
[EventDate "2022.??.??"]

1. e4 b6 2. d4 Bb7 3. Nc3 e6 4. Nf3 Bb4 5. Bd3 Nf6 6. Qe2 d5 7. exd5 Qxd5 8.
O-O Bxc3 9. bxc3 Qh5 10. Ne5 Qxe2 11. Bxe2 Nbd7 12. Nd3 c5 13. dxc5 bxc5 14.
Rb1 Bd5 15. Ba3 O-O 16. Nxc5 Nxc5 17. Bxc5 Rfc8 18. Bd4 Ne4 19. Ba6 Nxc3 20.
Bxc8 Nxb1 21. Bxe6 Bxe6 22. Rxb1 Bxa2 23. Ra1 Rb8 24. Bxa7 Rb1+ 25. Rxb1 Bxb1
26. c4 Kf8 27. f3 g6 28. Kf2 Bd3 29. c5 Ke7 30. Ke3 Bf1 31. g3 Ke6 32. Kf4 Be2
33. Bb6 Kd5 34. Kg5 h5 35. Kf4 Bd1 36. g4 hxg4 37. fxg4 f6 38. h3 Be2 39. Ke3
Bd1 40. Ba7 Kc6 41. Kd2 Bf3 42. Ke3 Bd1 43. Kd4 Be2 44. Bb8 Bf1 45. h4 Be2 46.
g5 fxg5 47. hxg5 Bg4 48. Bd6 1/2-1/2

[Event "2BLO 2122 SC Bavaria Regensburg 1881 -"]
[Site "?"]
[Date "2022.06.19"]
[Round "8.3"]
[White "Hoeglauer, Patrick"]
[Black "Kilgus, Georg"]
[Result "0-1"]
[WhiteElo "2262"]
[BlackElo "2387"]
[PlyCount "76"]
[EventDate "2022.??.??"]

1. d4 Nf6 2. c4 e6 3. Nf3 d5 4. e3 b6 5. Nc3 Bb7 6. cxd5 exd5 7. Bb5+ c6 8. Bd3
Bd6 9. O-O O-O 10. e4 Nxe4 11. Nxe4 dxe4 12. Bxe4 h6 13. Ne5 Nd7 14. f4 Qc7 15.
Bc2 c5 16. Qd3 Nf6 17. Ng4 Ne4 18. d5 f5 19. Qc4 a6 20. Bxe4 b5 21. Qc2 fxe4
22. Qxe4 Qf7 23. f5 Rae8 24. Qf3 Bxd5 25. Qf2 Bc4 26. Rd1 Re2 27. Qf3 Qxf5 28.
Qxf5 Rxf5 29. Bxh6 Rd5 30. b3 Bd3 31. Ne3 Rd4 32. Bg5 Be5 33. Rac1 c4 34. bxc4
bxc4 35. a3 Re4 36. Nf1 Rg4 37. Be3 Rgxg2+ 38. Kh1 Be4 0-1

[Event "2BLO 2122 SC Bavaria Regensburg 1881 -"]
[Site "?"]
[Date "2022.06.19"]
[Round "8.4"]
[White "Pezelj, Novak"]
[Black "Schenk, Andreas"]
[Result "1-0"]
[WhiteElo "2482"]
[BlackElo "2419"]
[PlyCount "93"]
[EventDate "2022.??.??"]

1. e4 c6 2. d4 d5 3. exd5 cxd5 4. Bd3 Nc6 5. c3 Nf6 6. Nf3 Bg4 7. O-O e6 8. Bf4
Bd6 9. Bxd6 Qxd6 10. Nbd2 O-O 11. h3 Bh5 12. Qe2 Qf4 13. g3 Qc7 14. Rfe1 Ne7
15. Kg2 Rab8 16. Qe5 Bxf3+ 17. Nxf3 Qxe5 18. Nxe5 Rfd8 19. Re2 g6 20. g4 Ne8
21. Bc2 Nd6 22. Nd3 b6 23. b3 Kg7 24. Kg3 Rh8 25. Nf4 Nc6 26. h4 a5 27. h5 Rhe8
28. Rae1 Rbd8 29. hxg6 hxg6 30. Bxg6 fxg6 31. Nxe6+ Rxe6 32. Rxe6 Rd7 33. a4
Kf7 34. R6e2 Rb7 35. Rh1 Ne8 36. Rh8 Ne7 37. Re5 Rd7 38. Kf4 Ng7 39. Kg3 Nc6
40. Re2 Rb7 41. f4 Ne7 42. Kf3 Ne8 43. f5 gxf5 44. gxf5 Ng7 45. f6 Kxf6 46.
Rf8+ Kg6 47. Rg2+ 1-0

[Event "2BLO 2122 SC Bavaria Regensburg 1881 -"]
[Site "?"]
[Date "2022.06.19"]
[Round "8.5"]
[White "Webersberger, Johann"]
[Black "Goldbeck, Lars"]
[Result "1/2-1/2"]
[WhiteElo "2356"]
[BlackElo "2212"]
[PlyCount "48"]
[EventDate "2022.??.??"]

1. c4 Nf6 2. g3 e6 3. Bg2 d5 4. Nf3 c5 5. O-O d4 6. e3 Nc6 7. exd4 cxd4 8. d3
h6 9. Re1 Bd6 10. b3 O-O 11. Ba3 e5 12. c5 Bc7 13. Nbd2 Re8 14. Nc4 Bf5 15. b4
a6 16. Qb3 e4 17. dxe4 Bxe4 18. Bb2 Qd5 19. Ncd2 Qxb3 20. axb3 Bd5 21. Nxd4 Be5
22. Bxd5 Nxd5 23. N2f3 Nxd4 24. Bxd4 Bxd4 1/2-1/2

[Event "2BLO 2122 SC Bavaria Regensburg 1881 -"]
[Site "?"]
[Date "2022.06.19"]
[Round "8.6"]
[White "Oberhofer, Cedric"]
[Black "Gretz, Denis"]
[Result "1/2-1/2"]
[WhiteElo "2287"]
[BlackElo "2305"]
[PlyCount "36"]
[EventDate "2022.??.??"]

1. d4 d5 2. c4 c6 3. Nf3 Nf6 4. g3 e6 5. Bg2 Be7 6. O-O O-O 7. Nc3 b6 8. b3 Bb7
9. Bb2 Nbd7 10. e3 Rc8 11. Qe2 Qc7 12. Rfd1 c5 13. cxd5 Nxd5 14. Nxd5 Bxd5 15.
dxc5 Nxc5 16. Nd4 Bxg2 17. Kxg2 Qb7+ 18. Qf3 Qxf3+ 1/2-1/2

[Event "2BLO 2122 SC Bavaria Regensburg 1881 -"]
[Site "?"]
[Date "2022.06.19"]
[Round "8.7"]
[White "Lentrodt, Thomas"]
[Black "Bauer, Thomas"]
[Result "1-0"]
[WhiteElo "2240"]
[BlackElo "2225"]
[PlyCount "89"]
[EventDate "2022.??.??"]

1. d4 Nf6 2. Nf3 g6 3. c4 Bg7 4. Nc3 O-O 5. e4 d6 6. Be2 Nbd7 7. O-O e5 8. Be3
Qe7 9. Nd2 Kh8 10. d5 c5 11. dxc6 bxc6 12. b4 Bb7 13. Nb3 Rfd8 14. Na5 Nf8 15.
Qa4 Qc7 16. b5 c5 17. Nd5 Bxd5 18. exd5 Ne4 19. Nc6 Nc3 20. Qc2 Nxe2+ 21. Qxe2
Re8 22. a4 f5 23. Ra2 Qf7 24. f3 Nd7 25. a5 Nf6 26. Bg5 Nd7 27. Rb1 f4 28. Re1
h6 29. Bh4 g5 30. Bf2 Nf6 31. Qd3 Qd7 32. h3 Rac8 33. Rae2 Rc7 34. Qg6 Rb7 35.
Bxc5 dxc5 36. Nxe5 Rxe5 37. Rxe5 Nh7 38. Qe8+ Bf8 39. Qxd7 Rxd7 40. Re8 Kg7 41.
R1e6 Kf7 42. Ra8 g4 43. Ra6 Kg8 44. R6xa7 Rd6 45. Rxh7 1-0

[Event "2BLO 2122 SC Bavaria Regensburg 1881 -"]
[Site "?"]
[Date "2022.06.19"]
[Round "8.8"]
[White "Kleibel, Uwe"]
[Black "Mai, Philipp"]
[Result "1/2-1/2"]
[WhiteElo "2186"]
[BlackElo "2303"]
[PlyCount "54"]
[EventDate "2022.??.??"]

1. e4 c5 2. Nf3 d6 3. d4 cxd4 4. Qxd4 Nc6 5. Qe3 g6 6. Be2 Bg7 7. O-O Nf6 8. h3
O-O 9. Rd1 Qc7 10. c4 a6 11. Nc3 e5 12. b3 Be6 13. Bb2 Ne8 14. Rac1 Nd4 15.
Nxd4 exd4 16. Rxd4 Bxd4 17. Qxd4 f6 18. Rd1 Rc8 19. Bg4 Bxg4 20. hxg4 Qc5 21.
Qd2 Qg5 22. Qe2 h5 23. gxh5 Qxh5 24. f3 Qc5+ 25. Kf1 Nc7 26. Nd5 Nxd5 27. Rxd5
Qc7 1/2-1/2

[Event "2BLO 2122 SK Passau - MSA Zugzwang"]
[Site "?"]
[Date "2022.06.19"]
[Round "8.1"]
[White "Shengelia, David"]
[Black "Diermair, Andreas"]
[Result "1/2-1/2"]
[WhiteElo "2477"]
[BlackElo "2451"]
[PlyCount "40"]
[EventDate "2022.??.??"]

1. c4 e6 2. Nf3 Nf6 3. d4 d5 4. Bg5 Be7 5. e3 h6 6. Bh4 O-O 7. Nc3 b6 8. cxd5
Nxd5 9. Bxe7 Qxe7 10. Nxd5 exd5 11. Be2 Be6 12. O-O c5 13. Ne5 Nd7 14. Nxd7
Qxd7 15. dxc5 bxc5 16. Rc1 Rfc8 17. Qd2 Rab8 18. b3 Qd6 19. Rfd1 Qb6 20. h3 Rc7
1/2-1/2

[Event "2BLO 2122 SK Passau - MSA Zugzwang"]
[Site "?"]
[Date "2022.06.19"]
[Round "8.2"]
[White "Schmidt, Peter"]
[Black "Bromberger, Stefan"]
[Result "1/2-1/2"]
[WhiteElo "2400"]
[BlackElo "2483"]
[PlyCount "25"]
[EventDate "2022.??.??"]

1. Nf3 d5 2. g3 c6 3. Bg2 Nf6 4. c4 dxc4 5. O-O b5 6. a4 Bb7 7. b3 cxb3 8. Qxb3
a6 9. Ba3 Nbd7 10. d4 e6 11. Bxf8 Nxf8 12. Ne5 Rc8 13. axb5 1/2-1/2

[Event "2BLO 2122 SK Passau - MSA Zugzwang"]
[Site "?"]
[Date "2022.06.19"]
[Round "8.6"]
[White "Pflug, Matthias"]
[Black "Gerigk, Erasmus"]
[Result "1/2-1/2"]
[WhiteElo "2251"]
[BlackElo "2313"]
[PlyCount "23"]
[EventDate "2022.??.??"]

1. e4 c5 2. Nf3 Nc6 3. d4 cxd4 4. Nxd4 e5 5. Nb5 d6 6. N1c3 a6 7. Na3 Be7 8.
Nd5 Nf6 9. Nxe7 Nxe7 10. Bd3 d5 11. exd5 Nexd5 12. O-O 1/2-1/2

[Event "2BLO 2122 SK Passau - MSA Zugzwang"]
[Site "?"]
[Date "2022.06.19"]
[Round "8.7"]
[White "Eichler, Christoph"]
[Black "Hellmayr, Alois"]
[Result "1/2-1/2"]
[WhiteElo "2301"]
[BlackElo "2219"]
[PlyCount "34"]
[EventDate "2022.??.??"]

1. Nf3 Nf6 2. d4 e6 3. e3 c5 4. c4 d5 5. a3 Nc6 6. dxc5 Bxc5 7. b4 Bb6 8. Bb2
dxc4 9. Qxd8+ Bxd8 10. Bxc4 Be7 11. Nbd2 O-O 12. Ke2 Rd8 13. Rhd1 Bd7 14. Rac1
Be8 15. Nb3 Rxd1 16. Rxd1 Rc8 17. Bd3 a6 1/2-1/2

[Event "2BLO 2122 SK Passau - MSA Zugzwang"]
[Site "?"]
[Date "2022.06.19"]
[Round "8.8"]
[White "Linhart, Wolfgang"]
[Black "Heydari, Edwin"]
[Result "1/2-1/2"]
[WhiteElo "2129"]
[BlackElo "1727"]
[PlyCount "26"]
[EventDate "2022.??.??"]

1. d4 d5 2. Nf3 Nf6 3. e3 e6 4. Nbd2 c5 5. c3 Nc6 6. Bd3 Bd6 7. O-O Qc7 8. Qe2
O-O 9. dxc5 Bxc5 10. e4 h6 11. Bc2 Rd8 12. e5 Ng4 13. Nb3 Bb6 1/2-1/2

[Event "2BLO 2122 SC Erlangen - SV Deggendorf"]
[Site "?"]
[Date "2022.06.19"]
[Round "8.1"]
[White "Sedlak, Nikola"]
[Black "Miller, Eduard"]
[Result "1/2-1/2"]
[WhiteElo "2477"]
[BlackElo "2348"]
[PlyCount "83"]
[EventDate "2022.??.??"]

1. Nf3 Nf6 2. g3 g6 3. b3 Bg7 4. Bb2 O-O 5. Bg2 d6 6. c4 e5 7. d3 Re8 8. O-O
Nbd7 9. Nbd2 c6 10. Rc1 b6 11. Qc2 Bb7 12. Rfd1 Qc7 13. e3 Rad8 14. b4 c5 15.
a3 h6 16. Nb1 e4 17. dxe4 Bxe4 18. Qe2 Ne5 19. Nc3 Bc6 20. Nxe5 dxe5 21. Nd5
Qb7 22. e4 b5 23. cxb5 Bxb5 24. Nxf6+ Bxf6 25. Qf3 Rxd1+ 26. Rxd1 Bg7 27. bxc5
Ba4 28. Rd2 Rc8 29. Qc3 Qb3 30. Qb4 Bf8 31. Qxb3 Bxb3 32. Bxe5 Rxc5 33. Bb2 Bg7
34. f4 Bxb2 35. Rxb2 Rc1+ 36. Kf2 Be6 37. f5 gxf5 38. exf5 Bxf5 39. Bd5 Rc5 40.
Rb8+ Kg7 41. Bb3 Bc2 42. h4 1/2-1/2

[Event "2BLO 2122 SC Erlangen - SV Deggendorf"]
[Site "?"]
[Date "2022.06.19"]
[Round "8.2"]
[White "Klek, Hanna Marie"]
[Black "Delchev, Aleksander"]
[Result "0-1"]
[WhiteElo "2373"]
[BlackElo "2490"]
[PlyCount "156"]
[EventDate "2022.??.??"]

1. e4 c5 2. Nf3 Nc6 3. d4 cxd4 4. Nxd4 e5 5. Nb5 d6 6. N1c3 a6 7. Na3 Be7 8.
Nc4 b5 9. Ne3 Nf6 10. Bd3 Nb4 11. O-O O-O 12. Be2 Be6 13. a4 bxa4 14. Rxa4 a5
15. Bb5 Nd7 16. Qe2 Nb6 17. Ra1 Qc7 18. Rd1 Qb7 19. Na4 Nxa4 20. Bxa4 Qxe4 21.
c3 Na6 22. Bc2 Qc6 23. Rxa5 Nc5 24. Qb5 Qxb5 25. Rxb5 Rfb8 26. Rxb8+ Rxb8 27.
b4 Nd7 28. Nf5 Bxf5 29. Bxf5 Nb6 30. Be4 Rc8 31. Bd2 g6 32. Ra1 d5 33. Bb1 d4
34. cxd4 Bxb4 35. Bg5 Be7 36. Bd2 exd4 37. Kf1 Nd5 38. Ke2 Bb4 39. Ra7 Re8+ 40.
Kd3 Bxd2 41. Kxd2 Nc3 42. Bd3 Rb8 43. Bc2 Re8 44. Bd3 Re5 45. f4 Rh5 46. h3 Rh4
47. f5 Rf4 48. fxg6 hxg6 49. Bc4 Ne4+ 50. Kd3 Nc5+ 51. Ke2 Kf8 52. Rc7 Rf5 53.
Ra7 Re5+ 54. Kd2 Re7 55. Ra8+ Kg7 56. Rd8 Re4 57. Rc8 Nd7 58. Rc7 Ne5 59. Be2
Rf4 60. Rc5 f6 61. Rd5 Rf2 62. Rxd4 Rxg2 63. Rf4 g5 64. Re4 Rh2 65. h4 Rxh4 66.
Rxh4 gxh4 67. Ke3 f5 68. Kf2 Kf6 69. Kg2 Kg5 70. Kh3 Ng4 71. Bf3 Nf2+ 72. Kg2
Nd3 73. Bd1 h3+ 74. Kh2 Nf2 75. Bc2 f4 76. Kg1 Ng4 77. Be4 Kh4 78. Bc6 Kg3 0-1

[Event "2BLO 2122 SC Erlangen - SV Deggendorf"]
[Site "?"]
[Date "2022.06.19"]
[Round "8.3"]
[White "Stojanovic, Dalibor"]
[Black "Mijovic, Stefan"]
[Result "1-0"]
[WhiteElo "2477"]
[BlackElo "2399"]
[PlyCount "101"]
[EventDate "2022.??.??"]

1. e4 c5 2. Nf3 e6 3. d4 cxd4 4. Nxd4 Nf6 5. Nc3 d6 6. Be3 Nc6 7. Be2 Be7 8. f4
O-O 9. O-O Bd7 10. Qe1 Nxd4 11. Bxd4 Bc6 12. Qg3 g6 13. Qe3 Qa5 14. e5 dxe5 15.
fxe5 Nd7 16. a3 Bc5 17. Bxc5 Qxc5 18. Qxc5 Nxc5 19. b4 Ne4 20. Nxe4 Bxe4 21. c4
Rfd8 22. Rad1 b6 23. g4 g5 24. Kf2 Kg7 25. Ke3 Bg2 26. Rg1 Bc6 27. Rd6 Ba4 28.
Rc1 Rac8 29. c5 bxc5 30. bxc5 Rd7 31. Ba6 Rcc7 32. Rc4 Bc6 33. Rxc6 Rxc6 34.
Bb5 Rdc7 35. Bxc6 Rxc6 36. Kd4 f6 37. exf6+ Kxf6 38. Rc3 h6 39. Rh3 Kg6 40. Kc4
Rc7 41. Kb5 e5 42. c6 e4 43. Kc5 Rc8 44. Re3 h5 45. Rxe4 hxg4 46. Kd6 Rd8+ 47.
Ke7 Rd2 48. c7 Rc2 49. Kd7 Rd2+ 50. Kc6 Rc2+ 51. Kb7 1-0

[Event "2BLO 2122 SC Erlangen - SV Deggendorf"]
[Site "?"]
[Date "2022.06.19"]
[Round "8.4"]
[White "Schulz, Lukas"]
[Black "Bogosavljevic, Boban"]
[Result "0-1"]
[WhiteElo "2276"]
[BlackElo "2522"]
[PlyCount "65"]
[EventDate "2022.??.??"]

1. e4 e5 2. f4 d5 3. exd5 exf4 4. Nf3 Nf6 5. Nc3 Nxd5 6. Nxd5 Qxd5 7. d4 Be7 8.
c4 Qd6 9. Be2 g5 10. O-O Bf5 11. c5 Qf6 12. Qa4+ Nd7 13. Nxg5 Qxg5 14. Bxf4 Qg6
15. Bxc7 Bc2 16. Qc4 Be4 17. Bf3 Bd3 18. Qd5 Bxf1 19. Rxf1 Nf6 20. Qe4 Kf8 21.
Qxb7 Re8 22. Qc6 Rg8 23. g3 Ng4 24. Qd5 Rc8 25. Qd7 Rxc7 26. Qxc7 Bf6 27. Kh1
Qh5 28. h4 Rg6 29. Be4 Rh6 30. Rf5 Qg6 31. Qf4 Bxh4 32. Kg2 Nf6 33. c6 0-1

[Event "2BLO 2122 SC Erlangen - SV Deggendorf"]
[Site "?"]
[Date "2022.06.19"]
[Round "8.5"]
[White "Popovic, Dusan"]
[Black "Hilverda, Alexander"]
[Result "1/2-1/2"]
[WhiteElo "2484"]
[BlackElo "2300"]
[PlyCount "164"]
[EventDate "2022.??.??"]

1. Nf3 d5 2. g3 Bg4 3. Bg2 c6 4. O-O Nd7 5. d3 e6 6. e4 Bc5 7. exd5 exd5 8. c4
Ne7 9. Nc3 O-O 10. cxd5 Nxd5 11. Nxd5 cxd5 12. Qb3 Bb6 13. Bg5 Nf6 14. a4 h6
15. Bd2 a5 16. Rae1 Rc8 17. Bc3 d4 18. Bd2 Be6 19. Rxe6 fxe6 20. Bh3 Kh7 21.
Bxe6 Rc5 22. Re1 Bc7 23. Qxb7 Qb8 24. Qxb8 Rxb8 25. b3 Rc2 26. Bc4 Re8 27. Kf1
Rb2 28. h3 g6 29. Rd1 Bb6 30. Bf4 g5 31. Bd2 g4 32. hxg4 Nxg4 33. Bd5 Ne3+ 34.
fxe3 dxe3 35. Be4+ Kg8 36. Ke2 exd2 37. Nxd2 Rf8 38. d4 Bxd4 39. Bd5+ Kg7 40.
Kd3 Bf6 41. Ne4 Be7 42. Kd4 Rd8 43. Rf1 Kg6 44. Ke5 Re2 45. Kd4 Bg5 46. Rf3 Re1
47. Kc5 Re3 48. Rf1 Be7+ 49. Kc6 Rf8 50. Rd1 Kf5 51. Nd2 Rxg3 52. Nc4 Rf6+ 53.
Kd7 Bb4 54. Be6+ Ke4 55. Bd5+ Kf4 56. Rd4+ Kg5 57. Be6 h5 58. Nxa5 Bxa5 59.
Rd5+ Kf4 60. Rxa5 Rg7+ 61. Kd6 h4 62. Rh5 Kg3 63. Ke5 Rfg6 64. Kd5 Rg5+ 65.
Rxg5+ Rxg5+ 66. Kd4 Rg4+ 67. Ke3 Rb4 68. a5 Rb8 69. Kd4 Re8 70. Bf5 Rf8 71. Be6
Re8 72. Bf5 Kf4 73. Bh3 Re3 74. Bc8 Rxb3 75. a6 Ra3 76. Kd5 Rc3 77. Bb7 Rd3+
78. Kc5 Ra3 79. Kb6 Rb3+ 80. Kc7 Ra3 81. Kb8 h3 82. a7 Rxa7 1/2-1/2

[Event "2BLO 2122 SC Erlangen - SV Deggendorf"]
[Site "?"]
[Date "2022.06.19"]
[Round "8.6"]
[White "Ott, Florian"]
[Black "Dudin, Gleb"]
[Result "0-1"]
[WhiteElo "2292"]
[BlackElo "2495"]
[PlyCount "80"]
[EventDate "2022.??.??"]

1. d4 Nf6 2. c4 e6 3. Nc3 Bb4 4. e3 O-O 5. Nge2 Re8 6. a3 Bf8 7. Ng3 d5 8. Be2
b6 9. O-O Bb7 10. b4 Nbd7 11. Bb2 g6 12. Rc1 h5 13. cxd5 exd5 14. Bf3 a6 15.
Qb3 h4 16. Nge2 c6 17. Qc2 Nh7 18. Nf4 Ng5 19. Be2 Bg7 20. h3 Nf6 21. a4 Rc8
22. Bd3 Qd6 23. Qb3 b5 24. Rc2 Bf8 25. Ba3 Nd7 26. a5 Qf6 27. Bc1 Bd6 28. Nfe2
Qg7 29. f3 Ne6 30. Bd2 Bb8 31. Be1 c5 32. bxc5 Ndxc5 33. dxc5 Nxc5 34. Qb1 Nxd3
35. Bxh4 Qe5 36. Bg3 Qxe3+ 37. Kh2 Bxg3+ 38. Nxg3 Nf4 39. Nd1 Qe5 40. Rd2 d4
0-1

[Event "2BLO 2122 SC Erlangen - SV Deggendorf"]
[Site "?"]
[Date "2022.06.19"]
[Round "8.7"]
[White "Krstic, Petar"]
[Black "Liepold, Stefan"]
[Result "1/2-1/2"]
[WhiteElo "2292"]
[BlackElo "2176"]
[PlyCount "63"]
[EventDate "2022.??.??"]

1. d4 Nf6 2. Nf3 g6 3. Bg5 Bg7 4. Nbd2 d5 5. e3 O-O 6. Be2 c5 7. c3 cxd4 8.
exd4 Nc6 9. O-O h6 10. Bh4 g5 11. Bg3 Nh5 12. Ne1 Nxg3 13. hxg3 Bf5 14. Bd3 Qd7
15. Bxf5 Qxf5 16. Nc2 Rad8 17. Ne3 Qd7 18. f4 Qe6 19. Qf3 gxf4 20. gxf4 f5 21.
Rae1 Qf7 22. Qh3 Rd6 23. Nf3 Rg6 24. Nh4 Rf6 25. Nd1 Re6 26. Ne3 Rf6 27. Rf2 e6
28. Rfe2 b5 29. Nf3 Rg6 30. Nh4 Rf6 31. Nf3 Rg6 32. Nh4 1/2-1/2

[Event "2BLO 2122 SC Erlangen - SV Deggendorf"]
[Site "?"]
[Date "2022.06.19"]
[Round "8.8"]
[White "Willim, Michael"]
[Black "Kuznecovs, Nikita"]
[Result "0-1"]
[WhiteElo "2102"]
[BlackElo "2296"]
[PlyCount "50"]
[EventDate "2022.??.??"]

1. d4 Nf6 2. c4 e6 3. Nf3 c5 4. d5 b5 5. dxe6 fxe6 6. cxb5 d5 7. b3 Bd6 8. Bb2
Nbd7 9. Nbd2 Qe7 10. Qc2 Bb7 11. e3 O-O 12. Bd3 e5 13. e4 c4 14. bxc4 dxe4 15.
Nxe4 Nxe4 16. Bxe4 Bxe4 17. Qxe4 Nf6 18. Qh4 e4 19. Nd4 Bb4+ 20. Ke2 Qf7 21.
Rac1 Nh5 22. Ne6 Qxe6 23. Qxh5 Rad8 24. Rc2 Rf5 25. Qh3 Qd7 0-1